Promotion - súčasnosť a perspektívy v činnosti priemyselného podniku : Diplomová práca

Salvato in:
Dettagli Bibliografici
Autore principale: Ondrová, Miroslava (Autore)
Altri autori: Šalgovičová, Jarmila, 1950- (xxx)
Natura: Manoscritto Libro
Lingua:slovacco
Pubblicazione: Trnava : STU v Bratislave MtF KMK, 1998
Soggetti:
Tags: Aggiungi Tag
Nessun Tag, puoi essere il primo ad aggiungerne!!

MARC

LEADER 00000ntm a22000003a 4500
001 stu55232
005 20160719155206.5
008 001010s1998----xo------------------slo-d
040 |a STU  |b slo 
041 0 |a slo 
044 |a xo 
100 1 |a Ondrová, Miroslava  |4 aut 
245 1 |a Promotion - súčasnosť a perspektívy v činnosti priemyselného podniku :  |b Diplomová práca 
260 |a Trnava :  |b STU v Bratislave MtF KMK,  |c 1998 
300 |a 81 s  |c výťah 
650 7 |a promotion  |2 estusub 
650 7 |a manažment priemyselných podnikov  |2 stusub 
700 1 |a Šalgovičová, Jarmila,  |d 1950-  |4 xxx  |u M4000  |U MTF Materiálovotechnologická fakulta  |T MTF Ústav priemyselného inžinierstva a manažmentu  |X 1492  |U M4000  |Y 84  |7 A000001492 
996 |b 284M028597  |c M*DP-661  |l MMSKP  |s P  |a 0  |w stu55232_0001